| 000 | 01305cam a22003255a 4500 | ||
|---|---|---|---|
| 001 | 15157285 | ||
| 003 | EG-ScBUE | ||
| 005 | 20221205110819.0 | ||
| 008 | 080125t2008 njua f b 001 0 eng d | ||
| 020 | _a9780470135419 (cloth : alk. paper) | ||
| 020 | _a0470135417 (cloth : alk. paper) | ||
| 040 |
_aDNLM/DLC _beng _erda _cDLC _dNLM _dBAKER _dUKM _dBTCTA _dYDXCP _dC#P _dBWX _dDLC _dEG-ScBUE |
||
| 082 | 0 | 4 |
_a725.51 _222 _bBUL |
| 245 | 0 | 0 |
_aBuilding type basics for healthcare facilities / _cRichard L. Kobus [and five others] |
| 246 | 3 | 0 | _aHealthcare facilities |
| 250 | _aSecond edition. | ||
| 264 | 1 |
_aHoboken : _bJohn Wiley & Sons, _c[2008] |
|
| 264 | 4 | _cc2008 | |
| 300 |
_axii, 317 pages : _billustrations ; _c24 cm |
||
| 336 |
_2rdacontent _atext _btxt |
||
| 337 |
_2rdamedia _aunmediated _bn |
||
| 338 |
_2rdacarrier _avolume _bnc |
||
| 504 | _aIncludes bibliographical references and index. | ||
| 505 | 0 | _aPerspective / Richard L. Kobus -- Ancillary departments / Ronald L. Skaggs -- Inpatient care facilities / Michael Bobrow and Julia Thomas -- Ambulatory care facilities / Thomas M. Payette. | |
| 650 | 7 |
_aHealth facilities _xDesign and construction. _2BUEsh _939359 |
|
| 653 |
_bENGARC _cFebruary2016 |
||
| 655 | _vReading book | ||
| 700 | 1 |
_aKobus, Richard L., _eauthor. |
|
| 942 |
_2ddc _cBB |
||
| 999 |
_c21158 _d21130 |
||